000 00597na a2200205 4500
001 23553
003 MIRAKIL
005 20181213155313.0
008 180110b tu 000 0
040 _aMilas
_btur
_cTR-AnCHP
041 _atur
082 _a338.523
_bÇ28t [t.y.]
090 _a338.523 Ç28t [t.y.]
100 _aÇavdar, Tevfik
245 _aTekelleşme ve tekelci devlet kapitalizmi
_cTevfik Çavdar
260 _aAnkara
_bYol-İş Federasyonu Eğitim yayınları
_c[t.y.]
_fERK Basımevi
300 _a27 s.
_c16 sm.
650 _aKapitalizm
_xTekelleşme
942 _2ddc
_cBKS
999 _c10275
_d10275